01688 a2200205 4500020001500000040001300015100001700028245005100045246005600096260006300152300003400215440008600249520078000335650004201115710004001157856011401197942002601311999001501337952013001352 a0471236322 aDLCbDLC1 aCandy, J. V.10aModel-based signal processingcJames V. Candy.3 aModel-based signal processing [electronic resource] aHoboken, N.J. :bIEEE Press :bWiley-Interscience,cc2006. axxi, 677 p. :bill. ;c25 cm. 0aAdaptive and learning systems for signal processing, communications, and control.1 a"Model-Based Signal Processing develops the model-based approach in a unified manner and follows it through the text in the algorithms, examples, applications, and case studies. The approach, coupled with the hierarchy of physics-based models that the author develops, including linear as well as nonlinear representations, makes it a unique contribution to the field of signal processing." "The text includes parametric (e.g., autoregressive or all-pole), sinusoidal, wave-based, and state-space models as some of the model sets with its focus on how they may be used to solve signal processing problems. Special features are provided that assist readers in understanding the material and learning how to apply their new knowledge to solving real-life problems."--BK JACKET. 0aSignal processingxDigital techniques2 aWiley InterScience (Online service)41uhttp://libproxy1.nus.edu.sg/login?url=http://www3.interscience.wiley.com/cgi-bin/homepage/?isbn=9780471732679 cBKk621.3822 CAN2ddc c8287d8287 001040708NFICaCLbCLcGENd2006-06-15eNew Public Bookg8036.95l0o621.3822 CANpSEECS007448r2012-11-14w2017-01-05yBK